लगाव / (Record no. 114337)

MARC details
000 -LEADER
fixed length control field 01134nam a22002657a 4500
005 - DATE AND TIME OF LATEST TRANSACTION
control field 20170124103006.0
010 ## - LIBRARY OF CONGRESS CONTROL NUMBER
LC control number A-574134
020 ## - INTERNATIONAL STANDARD BOOK NUMBER
Terms of availability 50.00
035 ## - SYSTEM CONTROL NUMBER
System control number A-574134
037 ## - SOURCE OF ACQUISITION
Source of stock number/acquisition Cen Lib/Ret
040 ## - CATALOGING SOURCE
Original cataloging agency DPL
Language of cataloging HN
082 ## - DEWEY DECIMAL CLASSIFICATION NUMBER
Classification number
Item number चौधरी
100 ## - MAIN ENTRY--PERSONAL NAME
Personal name चौधरी, रघुवीर
9 (RLIN) 56409
245 ## - TITLE STATEMENT
Title लगाव /
Statement of responsibility, etc रघुवीर चौधरी ; अनुवादक फूलचन्द गुप्ता
246 ## - VARYING FORM OF TITLE
Title proper/short title Lagaav /
Remainder of title by Raghuveer Chaudhari ; anuvadak Foolchand Gupta
260 ## - PUBLICATION, DISTRIBUTION, ETC. (IMPRINT)
Place of publication, distribution, etc दिल्ली
Name of publisher, distributor, etc हिमाचल पुस्तक भंडार
Date of publication, distribution, etc 1992
270 ## - ADDRESS
Address IX/221, सरस्वती भंडार, गांधीनगर
City दिल्ली
Postal code 110031
300 ## - PHYSICAL DESCRIPTION
Extent 184पृ.
Dimensions 17सेमी (सजिल्द)
650 ## - SUBJECT ADDED ENTRY--TOPICAL TERM
Topical term or geographic name as entry element हिन्दी -- साहित्य
9 (RLIN) 56410
650 ## - SUBJECT ADDED ENTRY--TOPICAL TERM
Topical term or geographic name as entry element हिन्दी -- उपन्यास
9 (RLIN) 56411
650 ## - SUBJECT ADDED ENTRY--TOPICAL TERM
Topical term or geographic name as entry element Hindi -- Literature
9 (RLIN) 56412
650 ## - SUBJECT ADDED ENTRY--TOPICAL TERM
Topical term or geographic name as entry element Hindi -- Fiction
9 (RLIN) 27248
700 ## - ADDED ENTRY--PERSONAL NAME
Personal name गुप्ता, फूलचन्द
9 (RLIN) 56413
942 ## - ADDED ENTRY ELEMENTS (KOHA)
Source of classification or shelving scheme Dewey Decimal Classification
Koha item type Hindi Books
Classification part
Call number suffix चौधरी
Holdings
Withdrawn status Lost status Damaged status Not for loan Home library Current library Date acquired Source of acquisition Cost, normal purchase price Total Checkouts Full call number Barcode Date last seen Date checked out Copy number Cost, replacement price Price effective from Koha item type
        Central Library Central Library 17/08/2015 Cen Lib/Ret 50.00 1 उ चौधरी A-574134 25/01/2018 10/01/2018 1 50.00 17/08/2015 Hindi Books

© Delhi Public Library
Hit Counter
free hit counter